Statistics for WandaVision Characters

Click here to take the quiz!

General Stats

  • This quiz has been taken 722 times
  • The average score is 9 of 14

Answer Stats

HintAnswer% Correct
Main CharacterScarlet Witch
99%
Other Main CharacterVision
99%
Female NeighborAgnes
94%
Twin #2Billy Maximoff
78%
From the X-Men moviesQuicksilver
76%
Lt. Trouble (From Captain Marvel)Monica Rambeau
75%
Twin #1Tommy Maximoff
75%
Jane Foster's BFFDarcy Lewis
71%
1st Showed up in Ant-Man 2Jimmy Woo
62%
Leader of S.W.O.R.D.Director Tyler Hayward
40%
The Android's BossMr. Hart
35%
Wife of The BossMrs. Hart
35%
Male NeighborHerb
32%
Co-worker of the AndroidNorm
28%

Score Distribution

Percentile by Number Answered

Percent of People with Each Score

Your Score History

You have not taken this quiz